Kierkegaard y la filosofía existencial: vox clamantis in deserto

Збережено в:
Бібліографічні деталі
Автор: Chestov, León (autor)
Формат: Книга
Мова:Іспанська
Опубліковано: Buenos Aires Sudamericana 1947
Серія:Filosofía
Предмети:
Теги: Додати тег
Немає тегів, Будьте першим, хто поставить тег для цього запису!

MARC

LEADER 00000nam a2200000 a 4500
001 UCZ1985
003 CL-VaPUC
008 950915e19470000AG |||||||||||||||||spa|d
082 0 4 |a 142.7  |b CHE  |2 21 
100 |a Chestov, León  |e autor  |9 345672 
245 1 0 |a Kierkegaard y la filosofía existencial: vox clamantis in deserto 
300 |a 327 p 
942 |c BK 
945 |d 19950915 00:00:00  |a cmena 
260 |a Buenos Aires  |b Sudamericana  |c 1947 
600 0 |a Dios  |9 314467 
650 0 |a Existencialismo  |9 265698 
650 7 |a FILOSOFIA SIGLO 19  |2 CL-VaPUC  |9 315034 
650 0 |a Filosofía danesa  |9 266957 
650 0 |a Escuelas filosóficas   |9 266232 
650 0 |a Filosofía   |9 223554 
650 7 |a HOMBRE  |2 CL-VaPUC  |9 262149 
650 0 |a Naturaleza humana   |9 308593 
650 0 |a Religión   |9 255164 
650 0 |a Experiencia religiosa  |9 315549 
650 0 |a Libre albedrío  |9 334583 
583 |a last modification  |c 19950915 00:00:00  |k Rodrigo Vera 
490 0 |a Filosofía 
999 |c 238651  |d 238649 
952 |0 0  |1 0  |4 0  |6 142_700000000000000_CHE_1947  |7 0  |8 P  |9 249001  |a BIBEDU  |b BIBEDU  |c BIBEDU_PB  |d 2019-11-18  |i 1562770  |o 142.7 CHE 1947  |p 1562770  |r 2024-01-25  |w 2019-11-18  |y BK  |k FIL